000 00548nam a22001937a 4500
005 20251108175420.0
008 250721s2015 xx 000 0 ara d
082 1 4 _a658.3/نيو
100 1 _aنيومان، جودي
245 1 0 _aالإبداع في مجال الأعمال /
264 1 _aرأس الخيمة :
_bدار نون،
_c2015.
300 _a183 ص.
650 1 7 _aالإبداع
650 1 7 _aإدارة الأفراد
650 1 7 _aالإدارة
700 1 _aموصللي، حسام
942 _2ddc
_cBK
999 _c133564
_d133564